Регионална библиотека "Любен Каравелов" - Русе

Константин Мутафов (Запис номер 191846)

MARC детайли
000 -Лидер
Контролно поле с фиксирана дължина 02898nam a2200601 c 4500
003 - Код на организацията, давaща контролен номер
Контролно поле BLK
005 - Дата и час на последна редакция
Контролно поле 20250109124012.0
008 - Елементи от данни с фиксирана дължина
fixed length control field 180411b bul|||||r ||||||| ||bul||
010 ## - Наследен системен номер
LC control number KNG00201010000
020 ## - Международен стандартен номер на книга ISBN
Международен стандартен номер на книга ISBN 978-954-712-707-4
040 ## - Източник на каталожния запис
Идентификатор на билиотеката - собственик на записа BLK
041 ## - Код за език
Код за езика на текст/звукозапис или на отделно заглавие Български
Код за езика КДБФ Български
072 #7 - Код за тематичната категория
Код организация bullib
Код за тематична категория Н00
Текст Общ отдел Н
072 #7 - Код за тематичната категория
Код организация bullib
Код за тематична категория РА
Текст Русенски автори
072 #7 - Код за тематичната категория
Код организация bullib
Код за тематична категория К
Текст Краезнание
080 ## - УДК
Текстов определител УДК Цивилизация. Култура. Прогрес. История на културата вж 930.85
УДК код - определител по УДК 008
УДК определител (497.2)(092)
УДК - код + определител 008(497.2)(092)
080 ## - УДК
Текстов определител УДК Българска литература
УДК код - определител по УДК 821.163.2
УДК определител -8
УДК - код + определител 821.163.2-8
080 ## - УДК
Текстов определител УДК Български артист, драматург, поет, белетрист, преводач, театрален и литературен критик, библиотекар, режисьор и детски писател
УДК код - определител по УДК 929 Мутафов, Константин Димитров
УДК - код + определител 929 Мутафов, Константин Димитров
100 ## - Редна дума - Автор
Автор Донева, Велислава Владимирова
R(LIN) 373694
139 ## - Редно поле
Редна дума Донева, Велислава Владимирова и др.
Авторски знак Мут - М 96
245 10 - Сведения за заглавието
Заглавие Константин Мутафов
Подзаглавни данни Животоописание, творчество
Редно поле (дума) Велислава Владимирова Донева; съавт. Веселина Йорданова Антонова; съавт. Стефан Веселинов Вичев.
257 ## - Страна на издаване
Страна на създаване/издаване България
260 ## - Област на издателските данни
Име на издателя, разпространителя и проч. Русенски унив. Ангел Кънчев
Година на издаване 2016
300 ## - Физическа характеристика
Страници 340 с.
Илюстрации и др. с ил., портр., факс.
Размери/Мащаб 24 см
380 ## - Жанр
Жанр Изкуство
500 ## - Общи забележки
Забележка Библиогр. с. 327-339.
600 #0 - Име на лице, използвано като предмет
За него / За нея Мутафов, Константин Димитров
Свързани дати 1879 - 1946
9 (RLIN) 346787
650 #4 - Допълнително описание по предмет – тема
Основно описание – тема или топоним Мутафов, Константин Димитров
9 (RLIN) 382456
650 #4 - Допълнително описание по предмет – тема
Основно описание – тема или топоним Интелигенция - България - история
9 (RLIN) 249768
651 #4 - Допълнително описание по предмет - топоним
Географско понятие България
9 (RLIN) 241624
653 ## - Ключова дума – ненормативна
Ключова дума Константин Мутафов
653 ## - Ключова дума – ненормативна
Ключова дума културни дейци
653 ## - Ключова дума – ненормативна
Ключова дума писатели
653 ## - Ключова дума – ненормативна
Ключова дума български артисти
653 ## - Ключова дума – ненормативна
Ключова дума библиотекари
653 ## - Ключова дума – ненормативна
Ключова дума режисьори
653 ## - Ключова дума – ненормативна
Ключова дума критици
653 ## - Ключова дума – ненормативна
Ключова дума интервюта
653 ## - Ключова дума – ненормативна
Ключова дума биографии
653 ## - Ключова дума – ненормативна
Ключова дума русенци
659 ## - Тематичен бюлетин
Тематичен бюлетин К
659 ## - Тематичен бюлетин
Тематичен бюлетин Н
700 1# - Други автори (авторска отговорност)
Лично име Антонова, Веселина Йорданова
Автороска отговорност (Описва отношението между автора и произведението) съавт.
9 (RLIN) 365633
700 1# - Други автори (авторска отговорност)
Лично име Вичев, Стефан Веселинов
Автороска отговорност (Описва отношението между автора и произведението) съавт.
9 (RLIN) 368883
852 ## - Местоположение
Форматна сигнатура Цб 284430
852 ## - Местоположение
Форматна сигнатура К 0/М 96 К
856 4# - Електронен адрес и достъп
Електронен формат pdf - файл
856 4# - Електронен адрес и достъп
Електронен формат pdf - файл
999 ## - СИСТЕМНИ КОНТРОЛНИ НОМЕРА
Koha biblionumber 191846
Koha biblioitemnumber 191846
942 ## - АРТИКУЛИ
Вид на библиотечния материал Книги
Скрит в OPAC Не
Koha issues (borrowed), all copies 7
Периодичен библиозапис Да
944 ## - СЪЗДАВАНЕ И РЕДАКЦИЯ на ЗАПИСА
Създаване/Редакция Създаване
Дата на регистрацията/редакция 15.02.2017
Статус, дата на статуса Кети Илиева
Служител, извършил регистрацията/редакцията 30550
944 ## - СЪЗДАВАНЕ И РЕДАКЦИЯ на ЗАПИСА
Създаване/Редакция Редакция
Дата на регистрацията/редакция 10.03.2017
Статус, дата на статуса ф /
Служител, извършил регистрацията/редакцията Людмила_Стоянова
999 ## - СИСТЕМНИ КОНТРОЛНИ НОМЕРА
Koha biblioitemnumber 191846
Наличности
Код за отписване Код за изгубен артикул Код за повреда Коз за рестрикции Код за отдаване Артикулен № Име на библиотеката - собственик Име на библиотеката, в която се намира в момента Статус (Текущо местоположение) Дата на вписване в системата Местоположение - отдел Цена в лева Инвентарен номер Систематично азбучна сигнатура Баркод Номер на екземпляра Цена в евро Служебна бележка Служебен тип на артикула Източник на класификационната схема
  Не е изгубен Не е повреден без рестрикции ползва се в читалня 336787 Регионална библиотека "Любен Каравелов" Русе Регионална библиотека "Любен Каравелов" Русе Хранилище 2017-02-17 Основен фонд - ползва се само за читалня 28.00 120000808559 Цб 284430 120000808559 1 14.32 Дост: DA Вид: А N: 9 Дата: 17.02.2017 Книги  
  Не е изгубен Не е повреден без рестрикции ползва се в читалня 336788 Регионална библиотека "Любен Каравелов" Русе Регионална библиотека "Любен Каравелов" Русе Краезнание 2017-02-17 Краезнание 28.00 120000808560 К 0/М 96 К 120000808560 2 14.32 Дост: DA Вид: А N: 9 Дата: 17.02.2017 Дата инв: 08.11.2017 Бележки инв: К2017 Книги Universal Decimal Classification
  Не е изгубен Не е повреден без рестрикции заемане за дома 816624 Регионална библиотека "Любен Каравелов" Русе Регионална библиотека "Любен Каравелов" Русе Заемна - подръчен фонд 2021-03-17 Заемна - подръчен фонд 28.00   008/М 96 120000853668   14.32   Книги Universal Decimal Classification
Vip Innovations Ltd, Rousse, Bulgaria 2025